The grace of God in the Gospel. (Record no. 8659)

000 -LEADER
fixed length control field 00654nam a2200217 a 4500
001 - CONTROL NUMBER
control field :::00006435$&:&@@
003 - CONTROL NUMBER IDENTIFIER
control field OkBaRHE
005 - DATE AND TIME OF LATEST TRANSACTION
control field 20000607103331.0
008 - FIXED-LENGTH DATA ELEMENTS--GENERAL INFORMATION
fixed length control field s1972 j 000 0 eng u
040 ## - CATALOGING SOURCE
Transcribing agency
100 1# - MAIN ENTRY--PERSONAL NAME
Personal name Cheeseman, John, et al.
245 14 - TITLE STATEMENT
Title The grace of God in the Gospel.
260 ## - PUBLICATION, DISTRIBUTION, ETC. (IMPRINT)
Place of publication, distribution, etc London, UK:EN., :
Name of publisher, distributor, etc Banner of Truth Trust
Date of publication, distribution, etc 1972
300 ## - PHYSICAL DESCRIPTION
Extent 141 p. ;
Dimensions 19 cm.
650 ## - SUBJECT ADDED ENTRY--TOPICAL TERM
Topical term or geographic name as entry element Apologetics
General subdivision 20th Century
700 ## - ADDED ENTRY--PERSONAL NAME
Personal name Gardner, Philip.
700 ## - ADDED ENTRY--PERSONAL NAME
Personal name Sadgrove, Michael.
700 ## - ADDED ENTRY--PERSONAL NAME
Personal name Wright, Tom.
942 ## - ADDED ENTRY ELEMENTS (KOHA)
Source of classification or shelving scheme
Koha item type Books
Copies
Lost status Total Checkouts Full call number Date acquired Damaged status Barcode Not for loan Withdrawn status Copy number Current Location Shelving location Source of classification or shelving scheme Date last seen Permanent Location Koha item type Price effective from Date checked out
 1BT 1102 .G682010-04-14 6435  1RHEMA Bible Training CollegeGeneral Stacks 2014-01-31RHEMA Bible Training CollegeBooks2010-04-142013-09-20